000 00449nam a22001577a 4500
005 20251108165528.0
008 250721s1971 xx 000 0 ara d
082 1 4 _aم/901.9/مدن
245 1 0 _aمدن و مدنيات /
264 1 _aجنيف :
_bشركة ترادكسيم،
_c1971.
300 _a158ص : مصور بالوان
490 0 _aسلسلة كتاب المعرفة
650 1 7 _aالحضارة
942 _2ddc
_cREF
999 _c30041
_d30041